Vista normal
Vista MARC
- Da Coll, Ivar,
Entrada Nombre Personal
Número de registros utilizados en: 19
001 - NUMERO DE CONTROL
- campo de control: 32700
003 - IDENTIFICADOR DE NUMERO DE CONTROL
- campo de control: UPN
005 - FECHA Y HORA DE LA ÜLTIMA TRANSACCIÓN
- campo de control: 20210219194435.0
008 - DATOS DE LONGITUD FIJA
- campo de control de longitud fija: nabaccnnaabn|||||||||| b |nc|||||d
035 ## - NUMERO DE CONTROL
- Número de control: UPN11000004807
040 ## - FUENTE DE CATALOGACIÓN
- Lenguaje de catalogación: SPA
- Agencia de transcripción: UPN
100 1# - ENCABEZAMIENTO - NOMBRE PERSONAL
- Nombre personal: Da Coll, Ivar,
- Fechas asociadas con el nombre: 1962-
400 1# - VEÁSE - NOMBRE DE PERSONA
- Personal name: Coll, Ivar Da,
- Dates associated with a name: 1962-
670 ## - FUENTE EN LA QUE SE LOCALIZARON DATOS
- Cita de la fuente: T
- Uniform Resource Identifier: http://www.google.com.mx/#hl=es-419&gs_nf=3&pq=obras%20de%20ivar%20da%20coll&cp=8&gs_id=2m&xhr=t&q=biografia+de+ivar+da+coll&pf=p&sclient=psy-ab&oq=biografide+ivar+da+coll&gs_l=&pbx=1&bav=on.2,or.r_gc.r_pw.r_qf.&fp=ee2aaf24208d8e7c&bpcl=37189454&biw=1440&bih=783
680 ## - NOTA PUBLICA DE ACCESO PÚBLICO
- Frase explicativa de la referencia: Autor e ilustrador colombiano
902 ## - CATALOGADOR
- Catalogador: EMR/061112